01389nam a2200217Ia 4500008004100000040002300041044000700064082001900071100002100090245003300111246002600144260004100170300001900211500002100230505071700251650003300968655002001001942001601021999001801037952011601055220107t1937||||xx |||||||||||||| ||und|| aBoOrUTOFebEscUTO aDO aeco 336.3bF83 aTrujillo, Rafael 0aReajuste de la deuda externa a Readjustment of debt aRepublica Dominicana:bDiario,c1937 a329p.b.c24cm aIncluye índice aNegociaciones que culminaron en la presentación de bonos extranjeros, datos historicos acerca de la republica Dominicana, descripción e historia de los bonos, condicones que culminaron en la emergencia, resumen de la ley de emergnecia, medidas extraordinarias, condicones que motivarón, la promulgación de la ley de emergencia de 1993 descenso violento en el balance del comercio internacional, los efectos perjudiciales del balance desfavorable del comercio internacional, fines precisos para los cuales las sumas adicionales, consideraciones generales que rigen las relaciones entre deudoresy acreedores durante el periodo de depresión, obligaciones y derchos de la republica dominicana, conlusión aReajuste de la deuda Externa aLibros de Texto cLIzFCEFA20 c4443d4443x1 00102ddc4070aUTObUTOc1d2022-01-08i1776oeco 336.3/F83p1776r2024-02-15 00:00:00tEj. 1w2022-01-08yLI